Les 10 villes des États-Unis les plus peuplées commençant par A - Statistiques

Statistiques générales
  • Ce quiz a été pris 51 fois
  • Le résultat moyen est 3 sur 10
Statistiques - réponses
# Ville Population % Correct
3 Atlanta 510.823
82%
1 Austin 979.882
67%
2 Albuquerque 560.274
57%
7 Anchorage 286.075
39%
6 Anaheim 340.512
29%
9 Augusta 200.884
22%
4 Arlington 398.431
20%
10 Akron 188.701
12%
8 Amarillo 202.408
10%
5 Aurora 395.052
8%
Aucun quiz correspondant
Distribution des résultats
% des personnes avec chaque résultat
Percentile par nombre de réponses
Votre historique - résultats
Vous n’avez pas pris ce quiz